000 01696nam a2200337 a 4500
001 BRCA_5187
005 20190320204956.0
008 241110s1827----mx-#######---#000-0#spa-#
041 _aspa
044 _amx
084 _aDOC144
_b.H47
_c1827
100 1 _aHerrera, Pantaleón
_cArriero
_913270
245 1 0 _aDocumento expedido a Pantaleón Herrera
_cPantaleón Herrera ... [et al.].
260 _aMéxico
_c1827
300 _a[10] fojas
_c33 x 23 cm
500 _aDocumento firmado el 29 de abril de 1827 por el Lic. José Anzave
500 _aQueja ante las autoridades respectivas del Arriero Pantaleón Herrera, sirviente de Doña Josefa Guevara por los malos tratos e injurias del mayordomo Don Matías Rivero. Se presentan testimonios contra el mismo de otros arrieros
500 _aEl documento contiene la leyenda DOC. #312
500 _aPapel con marca de agua
500 _aEn la parte superior sello con escudo Nacional e inscripción que dice: SELLO CUARTO. UNA CUARTILLA. PARA LOS AÑOS DE MIL OCHOCIENTOS VEINTE Y SEIS Y OCHOCIENTOS VEINTE Y SIETE
500 _aEstado de conservación: contiene manchas de acido y márgenes maltratados
506 0 _aFondo reservado: para su consulta es necesario credencial de usuario y carta de motivos
546 _aTexto en: español de principios del siglo XIX
600 1 4 _aHerrera, Pantaleón
_cArriero
_913270
650 1 4 _aDocumentos legales
_vImpreso con rúbricas
_xHistoria
_yFederalismo y centralismo, 1824-1853
_zMéxico
_913271
700 1 _aGuevara, Josefa
_cDueñas del Mesón
_913272
700 1 _aAnzave, José
_cLicenciado
_913273
700 1 _aRivero, Matías
_cMayordomo
_913274
902 _aFDH
942 _2lcc
_cD
999 _c4881
_d4881